| 000 | 00000nam##2200000za#4500 |
| 001 | 9.615625 |
| 003 | CaOODSP |
| 005 | 20210615101217 |
| 007 | ta |
| 008 | 150406|2000||||xxc||||| f|0| 0 eng|d |
| 020 | |a0-662-30674-0 |
| 040 | |aCaOODSP|beng |
| 043 | |an-cn--- |
| 086 | 1 |aNH18-24/9E |
| 110 | 2 |aCanada Mortgage and Housing Corporation. |
| 245 | 10|aMaintaining your HRV |
| 260 | |aOttawa - Ontario : |bCanada Mortgage and Housing Corporation |c2000. |
| 300 | |a4p. : |billus. ; |c28 cm. |
| 490 | 1 |aAbout your house |vCE9 |
| 563 | |aPamphlet |
| 590 | |a01-22|b2001-06-01 |
| 690 | 07|aAir quality|2gcpds |
| 690 | 07|aHeating|2gcpds |
| 690 | 07|aHousing|2gcpds |
| 775 | 08|tL'entretien du VRC |w(CaOODSP)9.625676 |
| 776 | 0#|tMaintaining your HRV |w(CaOODSP)9.571826 |
| 830 | #0|aAbout your house ;|vCE9|w(CaOODSP)9.514828 |